000 01066nam a2200301Ia 4500
003 OSt
005 20221007125105.0
006 a|||||r|||| 00| 0
007 ta
008 221006b |||||||| |||| 00| 0 eng d
020 _a3527290621 (hbd)
_cDM 348.00 (set price)
024 _a3378
037 _bEducational,
_cTextual
040 _aCDL
_cCDL
_beng
041 _2eng
_aeng
082 _aE:213, N5.1-.2
100 _aManz J Ed
_9721484
245 0 _aFemtosecond chemistry ed by J Manz and L Woste
_b Woste L Ed
260 _aWeinheim
_bVCH
_c1995
300 _a916p
_ccm.
490 _vV 1(394p)
500 _a^mPurchase^n23/CSL/Carc/95-96/2666^d1995-06-12; ; 95-96/118^b1995-06-22^c13756/95-96^d1995-06-16^eEducational Book Agency (India)^f1995-06-22^h1995-06-22; ; 1995-07-05^bSB^c1995-07-07^dSB
650 _a Chemical kinetics
_9717958
650 _aPhysical chemistry
_9192709
700 _a Woste L Ed
_9721485
942 _hE:213, N5.1-.2
_cTEXL
_2CC
999 _c1214639
_d1214639